Retrouvez ces célèbres jeux de société ou de cartes : - Statistiques

Statistiques générales
  • Ce quiz a été pris 498 fois
  • Le résultat moyen est 9 sur 15
Statistiques - réponses
Hint Réponse % Correct
Acheter, hypothéquer des terrains pour devenir le plus riche de la partie. Monopoly
100%
Obtenir le plus de points en formant des mots sur un plateau. Scrabble
95%
Découvrir le coupable, le lieu et l'arme utilisée pour un meurtre. Cluedo
93%
Se débarrasser de toutes ses cartes en évitant les +4 ou les +2 des adversaires. Uno
89%
Trouver les personnes qui menacent le village lorsque celui-ci s'endort. Loup-Garou
82%
Avancer le plus possible en évitant les crevaisons, pannes d'essence et autres. Mille bornes
79%
Réunir le plus de famille possible pour l'emporter. 7 familles
78%
Conquérir le monde grâce à ses régiments, en conquérant d'abord des continents. Risk
70%
Déduire en posant des question à l'adversaire quel personnage nous est associé. Qui-est-ce ?
68%
Deviner la bonne combinaison de couleur et leur place. Mastermind
64%
Retrouver les objets perdus dans un dédale de couloirs en les faisant coulisser. Labyrinthe
54%
Poser toutes ses cartes sur la table avant les autres pour se hisser au sommet du gouvernement. Président
44%
Trouver la bonne stratégie pour aller s'emparer du drapeau de l'adversaire. Stratego
12%
Acheter des royalties de ressources telle que l'or ou le cacao en traversant le monde. Richesses du monde
10%
Finir ses cartes sans avoir de levée, de cœurs, de dames, le roi de cœur et la dernière levée. Barbu
8%
Aucun quiz correspondant
Distribution des résultats
% des personnes avec chaque résultat
Percentile par nombre de réponses
Votre historique - résultats
Vous n’avez pas pris ce quiz